Numerical methods in engineering & science / (Record no. 543552)
[ view plain ]
| 000 -LEADER | |
|---|---|
| fixed length control field | 00707pam a2200205 a 4500 |
| 020 ## - INTERNATIONAL STANDARD BOOK NUMBER | |
| International Standard Book Number | 0045150028 (alk. paper) : |
| 020 ## - INTERNATIONAL STANDARD BOOK NUMBER | |
| International Standard Book Number | 0045150036 (pbk. : alk. paper) : |
| 082 00 - DEWEY DECIMAL CLASSIFICATION NUMBER | |
| Classification number | 511.02462 |
| Author Mark | DAV |
| -- | L-3, P-40 |
| 100 1# - MAIN ENTRY--PERSONAL NAME | |
| Personal name | Davis, Graham de Vahl. |
| 9 (RLIN) | 38946 |
| 245 10 - TITLE STATEMENT | |
| Title | Numerical methods in engineering & science / |
| Statement of responsibility, etc. | Graham de Vahl Davis. |
| 260 ## - PUBLICATION, DISTRIBUTION, ETC. | |
| Place of publication, distribution, etc. | London ; |
| -- | Boston : |
| Name of publisher, distributor, etc. | Allen & Unwin, |
| Date of publication, distribution, etc. | 1986. |
| 300 ## - PHYSICAL DESCRIPTION | |
| Extent | xvi, 286 p. : |
| Other physical details | ill. ; |
| Dimensions | 24 cm. |
| 500 ## - GENERAL NOTE | |
| General note | Includes index. |
| 526 ## - STUDY PROGRAM INFORMATION NOTE | |
| Program name | 0 |
| Interest level | 0 |
| Reading level | 0 |
| Title point value | 511_024620000000000_DAV |
| 526 ## - STUDY PROGRAM INFORMATION NOTE | |
| Program name | 0 |
| Interest level | 0 |
| Reading level | 0 |
| Title point value | 511_024620000000000_DAV |
| 650 #0 - SUBJECT ADDED ENTRY--TOPICAL TERM | |
| Topical term or geographic name entry element | Engineering mathematics. |
| 9 (RLIN) | 2310 |
| 650 #0 - SUBJECT ADDED ENTRY--TOPICAL TERM | |
| Topical term or geographic name entry element | MCE |
| General subdivision | Mathematics. |
| 9 (RLIN) | 38947 |
| 650 #0 - SUBJECT ADDED ENTRY--TOPICAL TERM | |
| Topical term or geographic name entry element | Numerical analysis. |
| 9 (RLIN) | 103 |
| 942 ## - ADDED ENTRY ELEMENTS (KOHA) | |
| Source of classification or shelving scheme | |
| Koha item type | Book |
| Withdrawn status | Lost status | Source of classification or shelving scheme | Damaged status | Not for loan | Permanent Location | Current Location | Date acquired | Total Checkouts | Full call number | Barcode | Date last seen | Price effective from | Koha item type |
|---|---|---|---|---|---|---|---|---|---|---|---|---|---|
| Military College of Engineering (MCE) | Military College of Engineering (MCE) | 03/26/2014 | 511.02462 DAV | MCE-25809 | 03/26/2014 | 03/26/2014 | Book | ||||||
| Military College of Engineering (MCE) | Military College of Engineering (MCE) | 03/27/2014 | 511.02462 DAV | MCE-2565 | 03/27/2014 | 03/27/2014 | Book |
